书目信息 |
| 题名: |
现代饮食营养指南
|
|
| 作者: | 刘会文 编著 | |
| 分册: | ||
| 出版信息: | 济南 山东人民出版社 2003 |
|
| 页数: | 15,910页 | |
| 开本: | 21cm | |
| 丛书名: | ||
| 单 册: | ||
| 中图分类: | R151.4 , R151.3 | |
| 科图分类: | ||
| 主题词: | 饮食营养学--基本知识 , 饮食营养学 | |
| 电子资源: | ||
| ISBN: | 7-209-02883-8 | |
| 000 | 00887nam0 2200265 450 | |
| 001 | 1530745963 | |
| 005 | 20150130091208.04 | |
| 010 | @a7-209-02883-8@dCNY46.00 | |
| 100 | @a20030331d2003 em y0chiy0110 ea | |
| 101 | 0 | @achi |
| 102 | @aCN@b370000 | |
| 105 | @ay z 000yy | |
| 200 | 1 | @a现代饮食营养指南@9xian dai yin shi ying yang zhi nan@e新世纪吃喝保健新理念@f刘会文编著 |
| 205 | @a2版 | |
| 210 | @a济南@c山东人民出版社@d2003 | |
| 215 | @a15,910页@d21cm | |
| 330 | @a本书全面系统地叙述了饮食科学的各个方面,将饮食与健康结合比较紧密,内容包括营养的基础知识、营养平衡、营养与健康等。 | |
| 517 | 1 | @a新世纪吃喝保健新理念@9xin shi ji chi he bao jian xin li nian |
| 606 | 0 | @a饮食营养学@x基本知识 |
| 606 | 0 | @a饮食营养学 |
| 690 | @aR151.4@v5 | |
| 690 | @aR151.3@v4 | |
| 701 | 0 | @a刘会文@9liu hui wen@4编著 |
| 801 | 0 | @aCN@bTSSF@c20150130 |
| 905 | @aZUCC@dR151.3@eJY339:1=2 | |
| 现代饮食营养指南:新世纪吃喝保健新理念/刘会文编著.-2版.-济南:山东人民出版社,2003 |
| 15,910页;21cm |
| ISBN 7-209-02883-8:CNY46.00 |
| 本书全面系统地叙述了饮食科学的各个方面,将饮食与健康结合比较紧密,内容包括营养的基础知识、营养平衡、营养与健康等。 |
| ● |
| 相关链接 |
|
|
|
|
正题名:现代饮食营养指南
索取号:R151.3/JY339:1=2
 
预约/预借
| 序号 | 登录号 | 条形码 | 馆藏地/架位号 | 状态 | 备注 |
| 1 | 7862709 | 278627096 | 学院路分馆/ [索取号:R151.3/JY339:1=2] | 在馆 |